Resultados y lecciones en producción y comercialización de fibra de vicuñas: proyectos de innovación en región de Arica y Parinacota y región de Tarapacá
שמור ב:
| Corporate Authors: | , |
|---|---|
| פורמט: | ספר |
| שפה: | ספרדית |
| יצא לאור: |
Santiago
FIA
2008
|
| סדרה: | Experiencias de Innovación para el Emprendimiento Agrario, 28
|
| נושאים: | |
| תגים: |
הוספת תג
אין תגיות, היה/י הראשונ/ה לתייג את הרשומה!
|
MARC
| LEADER | 00000nam a2200000 a 4500 | ||
|---|---|---|---|
| 001 | UCH7760 | ||
| 003 | CL-VaPUC | ||
| 008 | 091126e20080000CL |||||||||||||||||spa|d | ||
| 020 | |a 978.9563280135 | ||
| 082 | 0 | 4 | |a 636.296 |b FUN |2 21 |
| 110 | 2 | |a Fundación para la Innovación Agraria |e author |9 544081 | |
| 710 | 2 | |a Ministerio de Agricultura |e author |9 544082 | |
| 245 | 1 | 0 | |a Resultados y lecciones en producción y comercialización de fibra de vicuñas: proyectos de innovación en región de Arica y Parinacota y región de Tarapacá |
| 300 | |a 48 p | ||
| 942 | |c BK | ||
| 945 | |d 20091126 00:00:00 |a rbrito | ||
| 260 | |a Santiago |b FIA |c 2008 | ||
| 650 | 0 | |a Vicuña |9 451115 | |
| 650 | 0 | |a Producción de vicuñas |9 544084 | |
| 650 | 7 | |a CAMELIDOS |2 CL-VaPUC |9 451113 | |
| 650 | 0 | |a Análisis de mercado |9 260838 | |
| 650 | 0 | |a Comercialización |9 259326 | |
| 583 | |a last modification |c 20091126 00:00:00 |k Rodrigo Vera | ||
| 490 | 0 | |a Experiencias de Innovación para el Emprendimiento Agrario, 28 | |
| 999 | |c 338137 |d 338135 | ||
| 952 | |0 0 |1 0 |4 0 |6 636_296000000000000_FUN_2008 |7 0 |8 A |9 430979 |a BIBAGR |b BIBAGR |d 2019-11-22 |i 4620941 |o 636.296 FUN 2008 |p 4620941 |r 2025-01-20 |w 2019-11-22 |y BK |k AGR | ||
| 952 | |0 0 |1 0 |4 0 |6 636_296000000000000_FUN_2008 |7 0 |8 A |9 430980 |a BIBAGR |b BIBAGR |d 2019-11-22 |i 462095K |o 636.296 FUN 2008 |p 462095K |r 2025-01-20 |w 2019-11-22 |y BK |k AGR | ||
| 952 | |0 0 |1 0 |4 0 |6 636_296000000000000_FUN_2008 |7 0 |8 A |9 430981 |a BIBAGR |b BIBAGR |d 2019-11-22 |i 4620968 |o 636.296 FUN 2008 |p 4620968 |r 2025-01-20 |w 2019-11-22 |y BK |k AGR | ||